Relationship between internal controls and management of public funds in Marsabit County, Kenya (Record no. 59001)
[ view plain ]
| 000 -LEADER | |
|---|---|
| fixed length control field | 00607nam a22001937a 4500 |
| 008 - FIXED-LENGTH DATA ELEMENTS--GENERAL INFORMATION | |
| fixed length control field | 240219b ||||| |||| 00| 0 eng d |
| 050 ## - LIBRARY OF CONGRESS CALL NUMBER | |
| Classification number | THE HJ9733 |
| Item number | .T87 2023 |
| 100 ## - MAIN ENTRY--PERSONAL NAME | |
| Personal name | Ture, Haro |
| 245 ## - TITLE STATEMENT | |
| Title | Relationship between internal controls and management of public funds in Marsabit County, Kenya |
| 260 ## - PUBLICATION, DISTRIBUTION, ETC. (IMPRINT) | |
| Place of publication, distribution, etc | Limuru, Kenya |
| Name of publisher, distributor, etc | St. Paul's University |
| Date of publication, distribution, etc | 2023 |
| 300 ## - PHYSICAL DESCRIPTION | |
| Extent | Xiii, 75p.; |
| Other physical details | 30cm. |
| 650 ## - SUBJECT ADDED ENTRY--TOPICAL TERM | |
| Topical term or geographic name as entry element | Internal Controls |
| 650 ## - SUBJECT ADDED ENTRY--TOPICAL TERM | |
| Topical term or geographic name as entry element | Management of public funds |
| 650 ## - SUBJECT ADDED ENTRY--TOPICAL TERM | |
| Topical term or geographic name as entry element | Internal audit |
| 650 ## - SUBJECT ADDED ENTRY--TOPICAL TERM | |
| Topical term or geographic name as entry element | Risk asssesment |
| 700 ## - ADDED ENTRY--PERSONAL NAME | |
| Personal name | Kanini, Stephen |
| 700 ## - ADDED ENTRY--PERSONAL NAME | |
| Personal name | Kungu, Daniel |
| 942 ## - ADDED ENTRY ELEMENTS (KOHA) | |
| Source of classification or shelving scheme | Library of Congress Classification |
| Item type | Thesis |
| Withdrawn status | Lost status | Source of classification or shelving scheme | Damaged status | Use restrictions | Not for loan | Collection code | Home library | Current library | Shelving location | Date acquired | Total Checkouts | Full call number | Barcode | Date last seen | Price effective from | Koha item type |
|---|---|---|---|---|---|---|---|---|---|---|---|---|---|---|---|---|
| Library of Congress Classification | Restricted Access | Not For Loan | Non-fiction | Bishop Okullu Memorial Library (Limuru Campus) | Bishop Okullu Memorial Library (Limuru Campus) | Special Collection | 19/02/2024 | THE HJ9733 .T87 2023 | 068006 | 19/02/2024 | 19/02/2024 | Thesis |